| 000 | 01024nam a2200217Ia 4500 | ||
|---|---|---|---|
| 003 | Ost | ||
| 005 | 20260507075409.0 | ||
| 008 | 260507s9999||||xx |||||||||||||| ||und|| | ||
| 040 | _cfsecg | ||
| 041 | _aara | ||
| 082 | _a330 | ||
| 100 |
_aأبو قحف، عبد السلام _eمؤلف |
||
| 245 | 0 |
_aالتنافسية وتغيير قواعد اللعبة / _c عبد السلام أبو قحف |
|
| 260 |
_aالإسكندرية: _bالمكتب الجامعي الحديث, _c2010 |
||
| 300 |
_a163 صفحة؛ _bإيضاحات ؛ _c24 سم |
||
| 520 | _aيضم مقدمة رئيسية عن المنافسة، التنافسية والصراع على القمة، الخيارات المفتوحة، إدارة المستقبل وآليات للسيطرة على الأسواق، أعداء التنافسية، الخصخصة...ماهي ولماذا؟ | ||
| 653 | _aالإستراتيجية التنافسية | ||
| 653 | _aالمنافسة | ||
| 653 | _aالمنافسة الإحتكارية | ||
| 942 | _cكتاب | ||
| 999 |
_c44354 _d44354 |
||